banner koha

Influencia da epoca de plantio na producao e valor nutritivo da colza forrageira (Registro n. 111162)

MARC details
000 -LÍDER
campo de controle de tamanho fixo 00993nas a2200289 4500
001 - NÚMERO DE CONTROLE
campo de controle BR8300277
003 - IDENTIFICADOR DO NÚMERO DE CONTROLE
campo de controle BR-BrBNA
005 - DATA E HORÁRIO DA ÚLTIMA TRANSAÇÃO
campo de controle 20231205085406.0
007 - CAMPO FIXO DE DESCRIÇÃO FÍSICA--INFORMAÇÃO GERAL
campo de controle de tamanho fixo ta
008 - CAMPO DE DADOS FIXOS--INFORMAÇÃO GERAL
campo de controle de tamanho fixo 230509b bl.|||p| |||| 00| 00por d
040 ## - FONTE DA CATALOGAÇÃO
Instituição da catalogação original BR-BrBNA
Idioma da catalogação por
Instituição que transcreveu o registro Biblioteca Nacional de Agricultura
041 ## - CÓDIGO DE IDIOMA
Código do idioma do texto/trilha sonora ou título diferente (Pt)
072 ## - CÓDIGO DE CATEGORIA DE ASSUNTO
Código de Categoria de Assunto L30
100 1# - ENTRADA PRINCIPAL--NOME PESSOAL
Nome pessoal Winkler, H.
100 1# - ENTRADA PRINCIPAL--NOME PESSOAL
Nome pessoal Silveira, C.A.M.
100 1# - ENTRADA PRINCIPAL--NOME PESSOAL
Nome pessoal Brandes, D.
100 1# - ENTRADA PRINCIPAL--NOME PESSOAL
Nome pessoal Nuernberg, N.J.
111 1# - ENTRADA PRINCIPAL--NOME DO EVENTO
Nome do evento ou lugar 18. Reuniao Anual da Sociedade Brasileira de Zootecnia
Local do evento Goiania, GO (Brazil)
Data do evento ou assinatura do tratado 13 Jul 1981
245 1# - TÍTULO
Título Influencia da epoca de plantio na producao e valor nutritivo da colza forrageira
246 1# - FORMA VARIANTE DO TÍTULO
Título/título abreviado Effect of time of planting on yield and nutritional value of the forage rape
650 ## - ASSUNTO--TERMO TÓPICO
Cabeçalho tópico ou nome geográfico COLZA
650 ## - ASSUNTO--TERMO TÓPICO
Cabeçalho tópico ou nome geográfico VALOR NUTRITIVO
650 ## - ASSUNTO--TERMO TÓPICO
Cabeçalho tópico ou nome geográfico PLANTIO
773 0# - ENTRADA ANALÍTICA
Título Pesquisa Agropecuaria Brasileira (Brazil)
ISSN - International Standard Serial Number ISSN 0100-204X
Partes relacionadas (Oct 1982), v. 17(10) p. 1433-1437
Número de controle do registro BR8300277
909 ## -
-- 202311
-- Lúcia
-- 55
-- Lúcia Elande
942 ## - ELEMENTOS DE ENTRADA ADICIONADOS (KOHA)
Fonte da classificação ou esquema de arquivamento na estante Classificação AGRIS
Ocultar no OPAC Não
Tipo de material Koha Analítica
Exemplares
Situação do descarte Fonte da classificação ou esquema de arquivamento na estante Situação física Não pode ser emprestado Biblioteca de origem Biblioteca atual Localização na estante Enumeração do periódico / cronologia Total de empréstimos Data de último acesso Número do exemplar Tipo de material Koha Fonte de aquisição
  Classificação AGRIS   Consulta local Biblioteca Nacional de Agricultura - Binagri Biblioteca Nacional de Agricultura - Binagri   (Oct 1982), v. 17(10) p. 1433-1437   29/11/2023 01 Periódicos Portaria Interministerial nº 164/94

BINAGRI

Telefone: (61)3218-2567/2388/3357/2097 - binagri@agro.gov.br

Ministério da Agricultura e Pecuária , Esplanada dos Ministérios, Bloco D, Anexo B, Brasília/DF, CEP: 70.043-900